Culture Générale - Série 961 - Statistiques

Statistiques générales
  • Ce quiz a été pris 119 fois
  • Le résultat moyen est 4 sur 10
Statistiques - réponses
Question Réponse % Correct
Au cours de quel mois de l'année fête-t-on la Toussaint ? novembre
98%
Quel est le symbole chimique du magnésium ? Mg
92%
Que signifie la lettre "C" du sigle de bon genre B.C.B.G. ? Chic
79%
À la fin du XVIIe siècle, quel château français a servi de modèle à la construction du château de Schönbrunn, en Autriche ? Versailles
72%
De quel groupe rock britannique Ian Stewart et Brian Jones étaient-ils les membres fondateurs ? Les Rolling Stones
34%
Nom donné au grand coq de bruyère tétras
30%
En Afrique noire, personnage qui a pour fonction de raconter des mythes, de chanter et/ou de raconter des histoires du temps passé griot
16%
Sous-produit fibreux non tissé issu essentiellement du travail du chanvre ou du lin. Dans la construction des bateaux en bois, il sert depuis longtemps à colmater les interstices entre les planches pour rendre l'embarcation étanche étoupe
8%
Expression latine voulant dire "en vue du procès". Cette expression est donc employée pour préciser qu'un acte ou une décision sont pris en vue d'un procès. ad litem
2%
Débauche qui tend à encourager la luxure et les pratiques lubriques et toute forme d'obscénité au cours de relations sexuelles impétueuses stupre
2%
Aucun quiz correspondant
Distribution des résultats
% des personnes avec chaque résultat
Percentile par nombre de réponses
Votre historique - résultats
Vous n’avez pas pris ce quiz